000 00470nam a2200169Ia 4500
003 GCL
008 140319s9999 xx 000 0 ara d
040 _aGCL /
_cGCL
082 0 4 _a813.01
_bع ت
100 1 _aعبدالمنعم الصاوى
245 1 0 _aتفاحة فى طبق مشروخ /
_cعبدالمنعم الصاوى
300 _a350
490 _aكتاب
_v0
650 0 4 _aالادب العربى
650 0 4 _aالقصص القصيرة
942 _2ddc
_cBK
999 _c42101
_d42101